| 000 | 00648cam a2200145ua 4500 | ||
|---|---|---|---|
| 041 |
_aeng _h |
||
| 082 |
_a334 _bMIN/CO |
||
| 110 | 1 |
_aMinistry of Community development and Co-operation . _b _c() |
|
| 245 |
_aCo-Operation at : A glance / _cMinistry of Community development and Co-Operation. _hTextual Documents |
||
| 260 |
_aNew Delhi : _bGovernment of India , _c1962. |
||
| 300 | _a39 ; . | ||
| 504 | _a | ||
| 942 | _cBK | ||
| 999 |
_c3360 _d3360 |
||